• 首页
  • 本馆介绍
  • 公告通知
  • 最新文献
  • 馆藏检索
  • 电子资源
  • 读者导购
  • 参考咨询
  • 我的图书馆
  • 登录
  • 详细信息显示
  • 放入我的书架
  • 预约/预借图书
  • 作者相关作品
  • 分类相关作品
  • 丛书相关作品
  • 出版社相关作品

书目信息

  • 表格格式
  • 工作单格式
  • 卡片格式
题名:
绘画构图学教程
    
 
作者: 蒋跃 著
分册:  
出版信息: 杭州   中国美术学院出版社  2021.3
页数: 136页
开本: 26cm
丛书名:
单 册:
中图分类: J206.1
科图分类:
主题词: 绘画理论--构图学--高等学校--教材
电子资源:
ISBN: 978-7-81019-945-2
000 00693nam0 2200241 45
001 012001000746
005 20130909142045.0
010    @a978-7-81019-945-2@dCNY25.00
099    @aCAL 012003145573
100    @a20030924d2003 em y0chiy0110 ea
101 0  @achi
102    @aCN@b330000
105    @aa z 000yy
106    @ar
200 1  @a绘画构图学教程@AHui Hua Gou Tu Xue Jiao Cheng@f蒋跃著
210    @a杭州@c中国美术学院出版社@d2021.3
215    @a136页@c图 (部分彩图)@d26cm
300    @a中国美术院校教材
606 0  @a绘画理论@x构图学@x高等学校@j教材
690    @aJ206.1@v5
701  0 @a蒋跃@AJiang Yue@4著
801    @aCN@b江苏凤凰@c20211018
905    @b1340872-5@dJ206.1@e1232@f4
    
    绘画构图学教程/蒋跃著.-杭州:中国美术学院出版社,2021.3
    136页:图 (部分彩图);26cm
    中国美术院校教材
    
    ISBN 978-7-81019-945-2:CNY25.00
    
●
相关链接 在E读中查询图书 在五车中查询图书 在当当中查询图书 在豆瓣中查询图书


正题名:绘画构图学教程     索取号:J206.1/1232         预约/预借

序号 登录号 条形码 馆藏地/架位号 状态 备注
1 1340872   213408720   第一样本阅览室/ [索取号:J206.1/1232] 在馆    
2 1340873   213408739   第一借阅区/ [索取号:J206.1/1232] 在馆    
3 1340874   213408748   第一借阅区/ [索取号:J206.1/1232] 在馆    
4 1340875   213408757   第一借阅区/ [索取号:J206.1/1232] 在馆    
唐山师范学院图书馆 欢迎您!
大连网信软件有限公司© 版权所有